00710nam a2200229 a 4500003000900000005001700009007000300026008004100029020001800070040003400088082001200122245013700134246001800271250001100289260004700300300002800347490001100375648001300386651002700399653002300426700003100449AR-BeUNQ20230302192900.0ta221130s2017 ag a f 001 0 spa d a9789874113245 aAR-BeUNQbspacAR-BeUNQeaacr04a98022100aHistoria 3bArgentina, América Latina y el resto del mundo en el largo siglo XIXc[autoría Aldana Fernández Walker ... et al.]13aHistoria tres a1a ed. aBuenos Aires :bEstación Mandioca,c2017 a237 p. :bil. ;c28 cm.1 aLlaves 4aSiglo XX 7aAmérica Latina2toit aHistoria argentina1 aFernández Walker, Aldana